Statistics for Rhymes With Cat

Click here to take the quiz!

General Stats

  • This quiz has been taken 317 times
    (248 since last reset)
  • The average score is 19 of 26

Answer Stats

LetterWord% Correct
BBat
98%
MMat
97%
PPat
97%
SSat
96%
FFat
95%
AAt
93%
HHat
93%
RRat
93%
VVat
90%
TTat
88%
BBrat
85%
FFlat
80%
SSlat
78%
CChat
74%
DDrat
72%
SSpat
71%
TThat
71%
SStat
69%
SSkat
68%
SScat
67%
SSplat
54%
GGnat
50%
PPlait
46%
MMatte
44%
SSprat
44%
BBatt
27%

Score Distribution

Percentile by Number Answered

Percent of People with Each Score

Your Score History

You have not taken this quiz since the last reset